[Event "Open A"]
[Site "Panevezys"]
[Date "2009.08.19"]
[Round "4.10"]
[White "Kasperavicius, Jokubas"]
[Black "Beinoraite, Viktorija"]
[Result "1-0"]
[WhiteElo "1972"]
[BlackElo "2072"]
[PlyCount "120"]
[EventDate "2009.08.??"]

1. e4 e6 2. d4 d5 3. exd5 exd5 4. Bd3 c5 5. c3 Nc6 6. Nf3 Nf6 7. O-O cxd4 8.
Nxd4 Nxd4 9. cxd4 Be7 10. Bf4 O-O 11. Qb3 Bd6 12. Bxd6 Qxd6 13. Nc3 Ng4 14. f4
Qf6 15. Ne2 Re8 16. h3 Ne3 17. Rf3 Nf5 18. Qxd5 Rd8 19. Qe4 Be6 20. Rc1 Rd7 21.
g4 Nxd4 22. Qxh7+ Kf8 23. Nxd4 Qxd4+ 24. Kh2 Rad8 25. Rc3 Rd6 26. Qh8+ Ke7 27.
Qh4+ Kf8 28. Bb5 g6 29. Bd3 Bd5 30. Rf2 Bc6 31. Bc4 Kg8 32. f5 Qe5+ 33. Qg3 Qe1
34. Bxf7+ Kxf7 35. fxg6+ Kxg6 36. Rf6+ Rxf6 37. Qxe1 Rdf8 38. Kg3 Rf1 39. Qe6+
Kg5 40. Qe5+ Kg6 41. Qh5+ Kg7 42. Re3 R8f7 43. Qg5+ Kf8 44. Qh6+ Kg8 45. Qg6+
Rg7 46. Qe6+ Kh8 47. Re5 Rh7 48. Qc8+ Kg7 49. Re7+ Rf7 50. Rxf7+ Kxf7 51. Qf5+
Kg8 52. g5 Rf7 53. Qg6+ Rg7 54. Qe6+ Kh7 55. h4 a6 56. Kf4 Rd7 57. h5 Rd4+ 58.
Ke3 Rd7 59. h6 Bb5 60. Qf5+ Kg8 1-0

[Event "Open A"]
[Site "Panevezys"]
[Date "2009.08.19"]
[Round "4.11"]
[White "Kviliunas, Vladislovas"]
[Black "Viskelis, Steponas"]
[Result "1/2-1/2"]
[WhiteElo "1908"]
[BlackElo "2039"]
[PlyCount "45"]
[EventDate "2009.08.??"]

1. d4 Nf6 2. c4 e6 3. Nf3 b6 4. Nc3 Bb7 5. a3 d5 6. cxd5 Nxd5 7. e4 Nxc3 8.
bxc3 Bxe4 9. Ne5 Nd7 10. Bb5 c6 11. Nxc6 Bxc6 12. Bxc6 Rc8 13. Bb5 Bd6 14. Qg4
O-O 15. Bh6 Qf6 16. Bd2 Qe7 17. a4 Nf6 18. Qf3 e5 19. O-O exd4 20. cxd4 Qe4 21.
Qxe4 Nxe4 22. Rfd1 Nxd2 23. Rxd2 1/2-1/2

[Event "Open A"]
[Site "Panevezys"]
[Date "2009.08.19"]
[Round "4.12"]
[White "Upmanis, Gustavs"]
[Black "Dainauskas, Juozas"]
[Result "0-1"]
[WhiteElo "2004"]
[BlackElo "1938"]
[PlyCount "62"]
[EventDate "2009.08.??"]

1. e4 e6 2. d4 d5 3. Nc3 dxe4 4. Nxe4 Nd7 5. Be2 Be7 6. Bf3 Ngf6 7. Nxf6+ Nxf6
8. Ne2 O-O 9. O-O Rb8 10. Bf4 b6 11. Nc3 Ba6 12. Re1 Bd6 13. Be5 Qe7 14. Ne4
Bxe5 15. dxe5 Nxe4 16. Bxe4 Rfd8 17. Qh5 h6 18. Re3 Rd4 19. c3 Rd2 20. Rg3 Kh8
21. h3 Be2 22. f3 Rxb2 23. Kh2 Rd8 24. Rg6 Kg8 25. Rxh6 gxh6 26. Qxh6 f5 27.
exf6 Qf7 28. Bg6 Qxf6 29. Qh7+ Kf8 30. Qh6+ Ke7 31. Qc1 Rdd2 0-1

[Event "Open A"]
[Site "Panevezys"]
[Date "2009.08.19"]
[Round "4.14"]
[White "Sciupokas, Arunas"]
[Black "Apanaviciute, Kristina"]
[Result "0-1"]
[WhiteElo "1936"]
[BlackElo "1986"]
[PlyCount "96"]
[EventDate "2009.08.??"]

1. e4 e5 2. Nf3 Nf6 3. Nc3 Bb4 4. Nxe5 O-O 5. Be2 Re8 6. Nd3 Bxc3 7. dxc3 Nxe4
8. O-O d5 9. Nf4 c6 10. Be3 Nd7 11. c4 Ndf6 12. cxd5 Nxd5 13. Nxd5 cxd5 14. c4
Be6 15. c5 Qe7 16. Qd4 h6 17. b4 Red8 18. Rfc1 a5 19. f3 Nf6 20. b5 Bf5 21. Bf1
Re8 22. Re1 Qd7 23. Bxh6 Re6 24. Bd2 Ne8 25. Rxe6 Bxe6 26. a4 Nc7 27. Bf4 f6
28. b6 Na6 29. Bb5 Qc8 30. Bxa6 Rxa6 31. Re1 Qc6 32. h4 Ra8 33. h5 Bf7 34. h6
Re8 35. Ra1 Qe6 36. hxg7 Kxg7 37. Rc1 Qc6 38. Bd6 Rd8 39. Rc3 Re8 40. Qg4+ Bg6
41. Rc1 Re2 42. Ra1 Qe8 43. Qd4 Qe6 44. Bg3 Be8 45. Qc3 Bc6 46. Bf2 Qe5 47. Qd4
Kf7 48. Qh4 Qxa1+ 0-1

[Event "Open A"]
[Site "Panevezys"]
[Date "2009.08.19"]
[Round "4.15"]
[White "Grybas, Gintaras"]
[Black "Voroblievas, Arturas"]
[Result "1-0"]
[WhiteElo "2060"]
[BlackElo "1868"]
[PlyCount "67"]
[EventDate "2009.08.??"]

1. d4 d5 2. Nf3 Nf6 3. Bf4 c5 4. dxc5 Nc6 5. c3 a5 6. e3 Bg4 7. Qb3 Qc8 8. Ne5
Bd7 9. Na3 e6 10. Nb5 Nxe5 11. Bxe5 Bxb5 12. Bxb5+ Nd7 13. c4 Bxc5 14. cxd5 O-O
15. Bxd7 Qxd7 16. O-O exd5 17. Rfd1 Rfd8 18. Rd3 a4 19. Qc3 Rac8 20. Qd2 Qe6
21. Bc3 Rc6 22. Rd1 Rcd6 23. Qc2 Ba7 24. Qxa4 Bb8 25. Qh4 Qd7 26. e4 Rh6 27.
Rxd5 Rxh4 28. Rxd7 Bxh2+ 29. Kf1 Rxd7 30. Rxd7 h6 31. g3 Rh5 32. Rxb7 Rg5 33.
Kg2 Rh5 34. a4 1-0

[Event "Open A"]
[Site "Panevezys"]
[Date "2009.08.19"]
[Round "4.16"]
[White "Kuvsinov, Anatolij"]
[Black "Ralys, Vincas"]
[Result "1-0"]
[WhiteElo "1984"]
[BlackElo "1868"]
[PlyCount "55"]
[EventDate "2009.08.??"]

1. e4 e5 2. Nf3 Nc6 3. Bb5 a6 4. Ba4 Nf6 5. Qe2 d6 6. c4 Bg4 7. h3 Bh5 8. g4
Bg6 9. d3 Be7 10. Nc3 O-O 11. Nd5 Nxd5 12. cxd5 Na7 13. Be3 c6 14. Bb3 Bh4 15.
Bxa7 Rxa7 16. Qe3 Ra8 17. g5 f5 18. Nxh4 fxe4 19. Nxg6 hxg6 20. dxc6+ Kh7 21.
cxb7 Rb8 22. Qxe4 Rxb7 23. O-O-O a5 24. Kb1 a4 25. Bd5 Rb6 26. Rhg1 Qb8 27. Rd2
Qa7 28. Rg4 1-0

[Event "Open A"]
[Site "Panevezys"]
[Date "2009.08.19"]
[Round "4.17"]
[White "Giedraityte, Ausra"]
[Black "Barsciauskas, Gintautas"]
[Result "1/2-1/2"]
[WhiteElo "1749"]
[BlackElo "1964"]
[PlyCount "65"]
[EventDate "2009.08.??"]

1. d4 d6 2. e4 Nd7 3. Nc3 c6 4. a4 a5 5. Nf3 e5 6. Bc4 Be7 7. O-O Ngf6 8. h3
O-O 9. Re1 h6 10. d5 Re8 11. Bb3 Nf8 12. Nd2 Ng6 13. Nf1 Bd7 14. Be3 Qc8 15.
Kh2 c5 16. Bc4 Rf8 17. Qd2 Nh5 18. Ne2 f5 19. f3 fxe4 20. fxe4 Qe8 21. b3 Rf6
22. Nfg3 Nhf4 23. Bxf4 Nxf4 24. Rf1 Qf7 25. Bb5 Bxb5 26. axb5 b6 27. Nf5 Nxe2
28. Qxe2 Bf8 29. Ne3 Qg6 30. Rxf6 Qxf6 31. Qf3 Qxf3 32. gxf3 Kf7 33. Nc4
1/2-1/2

[Event "Open A"]
[Site "Panevezys"]
[Date "2009.08.19"]
[Round "4.19"]
[White "Rogulis, Uldis"]
[Black "Vaicekauskas, Gytis"]
[Result "1-0"]
[WhiteElo "1846"]
[BlackElo "1878"]
[PlyCount "81"]
[EventDate "2009.08.??"]

1. d4 Nf6 2. c4 g6 3. Nc3 Bg7 4. Nf3 O-O 5. g3 d6 6. Bg2 Nc6 7. O-O Rb8 8. Re1
a6 9. e4 e5 10. d5 Ne7 11. b4 Ne8 12. Qb3 f5 13. Bg5 h6 14. Bxe7 Qxe7 15. Rac1
f4 16. c5 Bg4 17. Ne2 Qf7 18. gxf4 exf4 19. a4 g5 20. h3 Bd7 21. Ned4 g4 22.
hxg4 Kh8 23. Nf5 h5 24. Ng5 Qg6 25. Ne6 Rg8 26. Ne7 Qf7 27. Nxg8 hxg4 28. Ne7
Qxe7 29. Nxf4 Qf7 30. Ne6 Be5 31. Qe3 Qh7 32. Qg5 Qh2+ 33. Kf1 Bxa4 34. Qxg4
Bb5+ 35. Re2 Bxe2+ 36. Kxe2 Qh7 37. Rh1 Bh2 38. Ng5 Nf6 39. Qf3 Qg6 40. Rxh2+
Kg8 41. Qf5 1-0

[Event "Open A"]
[Site "Panevezys"]
[Date "2009.08.19"]
[Round "4.21"]
[White "Stremavicius, Titas"]
[Black "Zebelis, Rimantas"]
[Result "1-0"]
[WhiteElo "1791"]
[BlackElo "1982"]
[PlyCount "92"]
[EventDate "2009.08.??"]

1. c4 c5 2. Nc3 Nf6 3. g3 d5 4. cxd5 Nxd5 5. Bg2 Nc7 6. d3 e5 7. Nf3 Nc6 8. O-O
Be7 9. Be3 O-O 10. Na4 Ne6 11. Rc1 Qd6 12. Nxc5 Ned4 13. Nxd4 exd4 14. Bf4 Qg6
15. Qb3 Na5 16. Qb5 Qb6 17. Qxb6 axb6 18. Ne4 Bg4 19. Rfe1 Rfe8 20. h3 Be6 21.
a3 Bd5 22. Nf6+ Bxf6 23. Bxd5 Rad8 24. Be4 Rd7 25. b4 g5 26. bxa5 gxf4 27. a6
fxg3 28. fxg3 Bg5 29. Rb1 Rxe4 30. dxe4 bxa6 31. Rxb6 a5 32. Rb5 Bd2 33. Rd1
Bc3 34. Rc5 Re7 35. e5 Rb7 36. e3 Rb3 37. exd4 Rxa3 38. Rc8+ Kg7 39. Re8 Bb4
40. Kg2 Ra2+ 41. Kf3 a4 42. d5 a3 43. d6 Rb2 44. d7 Ba5 45. d8=Q Bxd8 46. Rexd8
Rb3+ 1-0

[Event "Open A"]
[Site "Panevezys"]
[Date "2009.08.20"]
[Round "5.1"]
[White "Grabliauskas, Virginijus"]
[Black "Malinin, Yuri"]
[Result "1-0"]
[WhiteElo "2409"]
[BlackElo "2319"]
[PlyCount "77"]
[EventDate "2009.08.??"]

1. d4 Nf6 2. c4 e6 3. Nf3 d5 4. g3 dxc4 5. Bg2 a6 6. O-O b5 7. Ne5 Nd5 8. a4
Bb7 9. b3 c3 10. axb5 axb5 11. Rxa8 Bxa8 12. e4 b4 13. exd5 Bxd5 14. Qh5 g6 15.
Qe2 Bxg2 16. Qb5+ c6 17. Qb7 Be7 18. Kxg2 O-O 19. Kg1 f6 20. Nxc6 Nxc6 21. Qxc6
Qd5 22. Qxd5 exd5 23. Re1 Kf7 24. Re3 Ra8 25. Nxc3 bxc3 26. Rxc3 Ra1 27. Kg2 h5
28. Kf3 Ke6 29. h3 Kd7 30. Bf4 g5 31. Be3 f5 32. Rc1 Ra3 33. Rb1 Ke6 34. Bc1
Ra2 35. b4 g4+ 36. hxg4 hxg4+ 37. Kg2 Rc2 38. b5 Rc4 39. b6 {time} 1-0

[Event "Open A"]
[Site "Panevezys"]
[Date "2009.08.20"]
[Round "5.3"]
[White "Rogule, Laura"]
[Black "Narmontas, Raimondas"]
[Result "0-1"]
[WhiteElo "2255"]
[BlackElo "2158"]
[PlyCount "88"]
[EventDate "2009.08.??"]

1. Nf3 d6 2. d4 Bg4 3. g3 Qc8 4. h3 Bd7 5. e4 g6 6. Bg2 Bg7 7. Be3 Nc6 8. Nc3
e5 9. dxe5 Nxe5 10. Nxe5 dxe5 11. Qf3 b6 12. g4 Ne7 13. Bg5 h5 14. gxh5 Rxh5
15. Bf6 Kf8 16. O-O-O Bh6+ 17. Kb1 Ng8 18. Nd5 Be6 19. Rd3 c6 20. Nc3 Nxf6 21.
Qxf6 Bg7 22. Qf3 Kg8 23. h4 b5 24. Qg3 Qa6 25. b3 Qb7 26. Bf3 Rh6 27. h5 Qe7
28. Bg4 a5 29. a4 Rb8 30. axb5 cxb5 31. Bxe6 fxe6 32. Rhd1 a4 33. Rd7 Qf6 34.
R1d6 axb3 35. Nd5 bxc2+ 36. Kc1 exd5 37. Rxf6 Bxf6 38. Qb3 Rc8 39. f4 Rxh5 40.
Rxd5 Kh8 41. Qf3 b4 42. Rd3 Bg7 43. Re3 Bh6 44. Re1 Rh2 0-1

[Event "Open A"]
[Site "Panevezys"]
[Date "2009.08.20"]
[Round "5.4"]
[White "Tsiganova, Monika"]
[Black "Kantans, Toms"]
[Result "0-1"]
[WhiteElo "2190"]
[BlackElo "2209"]
[PlyCount "60"]
[EventDate "2009.08.??"]

1. d4 Nf6 2. Nf3 c5 3. e3 g6 4. Be2 Bg7 5. O-O d5 6. b3 O-O 7. Bb2 Nbd7 8. c4
b6 9. Nc3 Bb7 10. Rc1 Rc8 11. Na4 cxd4 12. exd4 Ne4 13. Re1 Re8 14. cxd5 Bxd5
15. Ba6 Rxc1 16. Qxc1 Nd6 17. Ne5 Nb8 18. Bd3 Qc8 19. Qf4 Nd7 20. Nc3 Bb7 21.
Rc1 Nxe5 22. dxe5 Qc6 23. Ne4 Qd5 24. exd6 Bxb2 25. Rd1 exd6 26. Rd2 Bd4 27.
Bc2 Kg7 28. h3 f5 29. Qxd6 Qxd6 30. Nxd6 Re1+ 0-1

[Event "Open A"]
[Site "Panevezys"]
[Date "2009.08.20"]
[Round "5.5"]
[White "Apanaviciute, Kristina"]
[Black "Labuckas, Aidas"]
[Result "1/2-1/2"]
[WhiteElo "1986"]
[BlackElo "2322"]
[PlyCount "169"]
[EventDate "2009.08.??"]

1. e4 c5 2. Nc3 Nc6 3. g3 g6 4. Bg2 Bg7 5. d3 d6 6. h3 e6 7. f4 Nge7 8. Nf3 O-O
9. O-O Rb8 10. Ne2 Nd4 11. c3 Nxf3+ 12. Bxf3 d5 13. e5 b6 14. Be3 f5 15. Kh2
Bb7 16. d4 c4 17. b4 cxb3 18. axb3 a5 19. Qd2 Qd7 20. Rfc1 Rfc8 21. Ng1 Ra8 22.
Be2 a4 23. bxa4 Rxa4 24. Rab1 Qc7 25. Qb2 Ba6 26. Bd1 Ra5 27. Qxb6 Qxb6 28.
Rxb6 Kf7 29. Nf3 h6 30. Nd2 Ra3 31. Nb3 Bd3 32. Nc5 Ra2+ 33. Kg1 Be4 34. Bf2
Rd2 35. Ba4 Ra8 36. Bd7 Bf8 37. Bxe6+ Kg7 38. Nxe4 fxe4 39. Be1 Re2 40. Bg4
Rea2 41. Rcb1 h5 42. Be6 Re2 43. R6b2 Rxb2 44. Rxb2 Ra6 45. Bd7 Ra7 46. e6 Ra1
47. Kf2 Nf5 48. Ke2 h4 49. gxh4 Ba3 50. Rc2 Bd6 51. h5 gxh5 52. Rb2 Ba3 53. Rc2
Kf6 54. Bf2 Rh1 55. Ra2 Rh2 56. Rxa3 e3 57. e7 Rxf2+ 58. Ke1 Nxe7 59. Ra6+ Kf7
60. f5 Nxf5 61. Bxf5 Rxf5 62. Ke2 Rg5 63. Kxe3 Rg3+ 64. Kf4 Rxh3 65. Rc6 h4 66.
Kf5 Re3 67. Kg4 Re4+ 68. Kh3 Ke7 69. Rh6 Re3+ 70. Kg4 Rxc3 71. Rxh4 Re3 72. Kf5
Kd7 73. Rh1 Kc6 74. Rc1+ Kd6 75. Ra1 Rf3+ 76. Kg4 Rd3 77. Ra6+ Kc7 78. Ra4 Kb6
79. Rb4+ Ka5 80. Rb8 Rxd4+ 81. Kf5 Rb4 82. Rd8 Rb5 83. Ke5 Kb4 84. Rxd5 Rxd5+
85. Kxd5 1/2-1/2

[Event "Open A"]
[Site "Panevezys"]
[Date "2009.08.20"]
[Round "5.6"]
[White "Bieliauskas, Marius"]
[Black "Rimeikis, Andrius"]
[Result "1/2-1/2"]
[WhiteElo "2144"]
[BlackElo "1988"]
[PlyCount "104"]
[EventDate "2009.08.??"]

1. d4 d5 2. c4 e6 3. cxd5 exd5 4. Nc3 Nf6 5. Bg5 Be7 6. Qc2 O-O 7. e3 Nbd7 8.
Bd3 Re8 9. Nf3 c6 10. O-O Nf8 11. Rab1 a5 12. a3 Ng6 13. h3 Ne4 14. Bxe7 Qxe7
15. Rbe1 Ng5 16. Nxg5 Qxg5 17. f4 Qf6 18. f5 Nf8 19. Qf2 Rd8 20. g4 b6 21. h4
Ba6 22. Bxa6 Rxa6 23. g5 Qd6 24. Ne2 Ra7 25. Nf4 Re8 26. f6 Ne6 27. Nh5 g6 28.
Ng3 c5 29. Kh1 Rc7 30. Rg1 Rec8 31. h5 cxd4 32. hxg6 hxg6 33. exd4 Rc2 34. Ne2
Rxb2 35. Qh4 Rcc2 36. Rg3 Rxe2 37. Rxe2 Rxe2 38. Rh3 Re1+ 39. Qxe1 Qf4 40. Qe3
Qf1+ 41. Kh2 b5 42. Rf3 Qd1 43. Qd3 Qe1 44. Qe3 Qh4+ 45. Rh3 Qxg5 46. Qxg5 Nxg5
47. Rb3 b4 48. axb4 axb4 49. Rxb4 Ne4 50. Rb8+ Kh7 51. Rf8 Kh6 52. Rxf7 Kg5
1/2-1/2

[Event "Open A"]
[Site "Panevezys"]
[Date "2009.08.20"]
[Round "5.7"]
[White "Latinis, Marius"]
[Black "Plunge, Gintautas"]
[Result "1-0"]
[WhiteElo "1967"]
[BlackElo "2130"]
[PlyCount "51"]
[EventDate "2009.08.??"]

1. c4 e5 2. Nc3 Nf6 3. g3 c6 4. Nf3 e4 5. Nd4 d5 6. cxd5 Qb6 7. Nb3 cxd5 8. Bg2
Be7 9. d3 Bf5 10. Be3 Qd6 11. dxe4 dxe4 12. Nd4 Bg6 13. Ndb5 Qc6 14. Nxa7 Qc4
15. Qd4 Qe6 16. Nab5 Na6 17. Qb6 Qxb6 18. Bxb6 O-O 19. O-O Nb4 20. a4 Nfd5 21.
Bd4 Nxc3 22. Bxc3 Nc2 23. Rac1 e3 24. f4 Nb4 25. Bxb4 Bxb4 26. Rc4 1-0

[Event "Open A"]
[Site "Panevezys"]
[Date "2009.08.20"]
[Round "5.8"]
[White "Dainauskas, Juozas"]
[Black "Jakovlev, Juri"]
[Result "1/2-1/2"]
[WhiteElo "1938"]
[BlackElo "2113"]
[PlyCount "139"]
[EventDate "2009.08.??"]

1. e4 e5 2. Nf3 Nc6 3. Bb5 f5 4. Nc3 fxe4 5. Nxe4 Nf6 6. Nxf6+ Qxf6 7. Qe2 Be7
8. Bxc6 dxc6 9. Nxe5 Bf5 10. O-O O-O-O 11. d3 Rde8 12. d4 Bd6 13. f4 c5 14. c3
cxd4 15. cxd4 Qe6 16. Be3 Qd5 17. a3 Rhf8 18. Rad1 g5 19. Bc1 Bd7 20. Qc2 gxf4
21. Bxf4 Bb5 22. Rf2 Re7 23. Rdd2 b6 24. b4 Kb8 25. Qc3 Qe4 26. g3 Qe1+ 27. Kg2
Bxe5 28. dxe5 Qe4+ 29. Qf3 Qg6 30. Qb3 Bc6+ 31. Kg1 Qe4 32. Rf1 Rxe5 33. Qf3
Qg6 34. Qf2 Qe4 35. Qf3 Qc4 36. Qf2 Ref5 37. Rd4 Qc3 38. Rfd1 Qxa3 39. R1d3
Qa1+ 40. Rd1 Qc3 41. R1d3 Qc1+ 42. Rd1 Qa3 43. R1d3 Qa4 44. Qe2 Re8 45. Rd8+
Rxd8 46. Rxd8+ Kb7 47. Qe7 Qa1+ 48. Kf2 Qb2+ 49. Ke3 Qc3+ 50. Kf2 Qf3+ 51. Ke1
Qh1+ 52. Kd2 Qxh2+ 53. Kc3 Rxf4 54. gxf4 Qxf4 55. Rf8 Qg3+ 56. Kd4 Qg1+ 57. Kc3
Qa1+ 58. Kd2 Qd4+ 59. Ke1 Qe4+ 60. Qxe4 Bxe4 61. Rf4 Bg6 62. Kd2 a6 63. Rf6 Bh5
64. Kc3 Be2 65. Rh6 Bg4 66. Rxh7 b5 67. Kd4 Kb6 68. Rg7 Be2 69. Rh7 Bc4 70. Rh1
1/2-1/2

[Event "Open A"]
[Site "Panevezys"]
[Date "2009.08.20"]
[Round "5.9"]
[White "Milasevicius, Jonas"]
[Black "Kasperavicius, Jokubas"]
[Result "1-0"]
[WhiteElo "1996"]
[BlackElo "1972"]
[PlyCount "57"]
[EventDate "2009.08.??"]

1. d4 d5 2. Nf3 Nf6 3. c4 dxc4 4. e3 c5 5. Bxc4 cxd4 6. Nxd4 e5 7. Bb5+ Bd7 8.
Bxd7+ Qxd7 9. Nf3 Qxd1+ 10. Kxd1 Nc6 11. Bd2 e4 12. Nh4 Nb4 13. Bxb4 Bxb4 14.
a3 Ba5 15. Nf5 O-O-O+ 16. Ke2 g6 17. Ng3 Rd3 18. Rc1+ Kb8 19. Nxe4 Nxe4 20.
Kxd3 f5 21. Ke2 Rd8 22. b4 Bc7 23. Ra2 Be5 24. f3 Nf6 25. g3 Nd5 26. Rd2 Rd7
27. Rc5 Nb6 28. Rxe5 Rxd2+ 29. Nxd2 1-0

[Event "Open A"]
[Site "Panevezys"]
[Date "2009.08.20"]
[Round "5.10"]
[White "Kuvsinov, Anatolij"]
[Black "Grybas, Gintaras"]
[Result "1-0"]
[WhiteElo "1984"]
[BlackElo "2060"]
[PlyCount "70"]
[EventDate "2009.08.??"]

1. e4 c6 2. d3 d5 3. Nd2 Nf6 4. Ngf3 Bg4 5. Be2 e6 6. h3 Bh5 7. Ne5 Bxe2 8.
Qxe2 Nbd7 9. Nxd7 Nxd7 10. O-O Be7 11. e5 O-O 12. f4 f5 13. exf6 Rxf6 14. Nf3
Qc7 15. f5 e5 16. Bg5 Bc5+ 17. d4 exd4 18. Qd3 Rf7 19. Nxd4 Raf8 20. c3 Qb6 21.
b3 Bxd4+ 22. cxd4 Nf6 23. Bxf6 Rxf6 24. Rae1 Qb4 25. Re5 h6 26. Kh1 Qa3 27. Qe2
Qb4 28. Qe3 Qb5 29. Rf3 R8f7 30. g4 Qa5 31. Rf2 Qb4 32. h4 Rd6 33. g5 Rf8 34.
Re7 Rf7 35. Re8+ Rf8 1-0

[Event "Open A"]
[Site "Panevezys"]
[Date "2009.08.20"]
[Round "5.12"]
[White "Novikovas, Anatolijus"]
[Black "Vaitonis, Vytautas"]
[Result "1/2-1/2"]
[WhiteElo "1916"]
[BlackElo "2032"]
[PlyCount "58"]
[EventDate "2009.08.??"]

1. e4 c5 2. Nf3 d6 3. d4 cxd4 4. Nxd4 Nf6 5. Nc3 a6 6. Bg5 e6 7. f4 Qb6 8. Nb3
Nbd7 9. Qf3 Be7 10. Bd3 Qc7 11. O-O-O h6 12. Bh4 b5 13. Rhe1 Bb7 14. a3 O-O-O
15. Bf2 Nc5 16. Nxc5 dxc5 17. g3 Rd7 18. Bf1 Rhd8 19. Bg2 Qa5 20. Rxd7 Nxd7 21.
Qe2 c4 22. Rd1 Bxa3 23. Bd4 Bf8 24. e5 Qc7 25. Ne4 Bd5 26. Nc3 Bc6 27. Ne4 Bd5
28. Nc3 Bc6 29. Bf1 f5 1/2-1/2

[Event "Open A"]
[Site "Panevezys"]
[Date "2009.08.20"]
[Round "5.13"]
[White "Petraitis, Gintautas"]
[Black "Kviliunas, Vladislovas"]
[Result "1/2-1/2"]
[WhiteElo "2028"]
[BlackElo "1908"]
[PlyCount "85"]
[EventDate "2009.08.??"]

1. e4 c6 2. Nc3 d5 3. Nf3 dxe4 4. Nxe4 Nf6 5. Nxf6+ exf6 6. Be2 Bd6 7. O-O O-O
8. d4 Qc7 9. h3 Bf5 10. Bd3 Bxd3 11. Qxd3 Nd7 12. Be3 Bf4 13. Rfe1 Rfe8 14. Bd2
Bxd2 15. Qxd2 Nf8 16. c4 Qd7 17. d5 Rad8 18. Rxe8 Qxe8 19. Rd1 Qe4 20. b3 Rd7
21. Qe3 Qc2 22. Rd2 Qc1+ 23. Kh2 Qa3 24. dxc6 Rxd2 25. Qxd2 bxc6 26. g3 g6 27.
Kg2 Kg7 28. Nd4 Qc5 29. Qc3 Ne6 30. Nf3 Qa3 31. Nd2 c5 32. Ne4 Nd4 33. Qd2 a5
34. Nc3 Qb4 35. Qd3 Qa3 36. Qd2 Qb4 37. Qb2 Qb7+ 38. Nd5 Qb8 39. Qa3 Qe5 40.
Nc3 Qf5 41. Qb2 Qf3+ 42. Kh2 Qd3 43. Nd5 1/2-1/2

[Event "Open A"]
[Site "Panevezys"]
[Date "2009.08.20"]
[Round "5.14"]
[White "Beinoraite, Viktorija"]
[Black "Giedraityte, Ausra"]
[Result "1-0"]
[WhiteElo "2072"]
[BlackElo "1749"]
[PlyCount "55"]
[EventDate "2009.08.??"]

1. d4 f5 2. e4 fxe4 3. Nc3 Nf6 4. Bg5 d6 5. Qe2 Bg4 6. f3 exf3 7. gxf3 Bf5 8.
Qb5+ Bd7 9. Qxb7 Nc6 10. O-O-O Rb8 11. Qa6 Rb6 12. Qe2 e5 13. dxe5 dxe5 14. Nd5
Rb7 15. Bh3 Bd6 16. Bxd7+ Kxd7 17. f4 Re8 18. Bxf6 gxf6 19. Qg4+ Re6 20. f5 Re8
21. Qg7+ Kc8 22. Ne2 Nb4 23. Nxf6 c6 24. Qh6 Nxa2+ 25. Kb1 Qb6 26. b3 Qb4 27.
Nxe8 Kb8 28. Qxd6+ 1-0

[Event "Open A"]
[Site "Panevezys"]
[Date "2009.08.20"]
[Round "5.15"]
[White "Rudys, Mantas"]
[Black "Upmanis, Gustavs"]
[Result "1-0"]
[WhiteElo "1799"]
[BlackElo "2004"]
[PlyCount "47"]
[EventDate "2009.08.??"]

1. e4 e5 2. Nf3 Nc6 3. d4 exd4 4. Nxd4 Qf6 5. Be3 Bc5 6. c3 Nge7 7. Bc4 b6 8.
O-O Bb7 9. f4 O-O 10. e5 Qg6 11. f5 Nxf5 12. Nxf5 Nd4 13. Ng3 Nc2 14. Bxc5 Nxa1
15. Ba3 Qc6 16. Qe2 Nc2 17. Nf5 Rfe8 18. Nd4 Nxd4 19. cxd4 d6 20. Bb5 Qd5 21.
Bxe8 Rxe8 22. Qg4 Kh8 23. Nc3 Qc4 24. exd6 1-0

[Event "Open A"]
[Site "Panevezys"]
[Date "2009.08.20"]
[Round "5.16"]
[White "Barsciauskas, Gintautas"]
[Black "Narva, Triin"]
[Result "0-1"]
[WhiteElo "1964"]
[BlackElo "1865"]
[PlyCount "94"]
[EventDate "2009.08.??"]

1. d3 e5 2. e4 Nc6 3. c3 d6 4. Be2 f5 5. Nf3 Nf6 6. Nbd2 Be7 7. Ng5 Nxe4 8.
Ngxe4 fxe4 9. dxe4 O-O 10. O-O Be6 11. Bg4 Qd7 12. Bxe6+ Qxe6 13. Qb3 Qxb3 14.
Nxb3 Rf7 15. Be3 Raf8 16. a4 a6 17. Nd2 Nd8 18. b4 Ne6 19. g3 Bg5 20. Bxg5 Nxg5
21. Kg2 Nf3 22. Nxf3 Rxf3 23. Rac1 g5 24. h3 h5 25. Rc2 h4 26. gxh4 gxh4 27. a5
Kh7 28. Rd1 R8f6 29. Rb1 R3f4 30. Re1 Rf3 31. Ree2 R6f4 32. Re3 Rxe3 33. fxe3
Rxe4 34. Kf3 Rc4 35. e4 c5 36. Ke3 cxb4 37. Kd3 Rxc3+ 38. Rxc3 bxc3 39. Kxc3
Kg6 40. Kd3 Kf6 41. Ke3 Ke6 42. Kf3 d5 43. exd5+ Kxd5 44. Kg4 e4 45. Kxh4 e3
46. Kg3 Kd4 47. h4 Kd3 0-1

[Event "Open A"]
[Site "Panevezys"]
[Date "2009.08.20"]
[Round "5.18"]
[White "Ralys, Vincas"]
[Black "Rogulis, Uldis"]
[Result "1/2-1/2"]
[WhiteElo "1868"]
[BlackElo "1846"]
[PlyCount "86"]
[EventDate "2009.08.??"]

1. e4 c5 2. Nf3 d6 3. d4 cxd4 4. Nxd4 Nf6 5. Nc3 a6 6. Bg5 e6 7. f4 Be7 8. Qf3
Qc7 9. O-O-O Bd7 10. g4 Nc6 11. f5 Nxd4 12. Rxd4 O-O-O 13. Rc4 Bc6 14. Bxf6
Bxf6 15. Nd5 Qa5 16. Nb4 Kc7 17. Bd3 Rc8 18. e5 Bg5+ 19. Kb1 d5 20. Rxc6+ bxc6
21. Nxa6+ Kb7 22. fxe6 Rhf8 23. exf7 Be7 24. Qf5 Qd8 25. Qe6 Ra8 26. Rf1 Rxa6
27. Bxa6+ Kxa6 28. Qxc6+ Qb6 29. Qa4+ Qa5 30. Qc6+ Qb6 31. Qxd5 Qb5 32. Qe6+
Ka5 33. c4 Qb7 34. Rd1 Rd8 35. Rxd8 Qe4+ 36. Kc1 Bg5+ 37. Kd1 Qb1+ 38. Ke2 Qe4+
39. Kf1 Qf3+ 40. Ke1 Qe4+ 41. Kf2 Qe3+ 42. Kg2 Qe2+ 43. Kg3 Qe3+ 1/2-1/2

[Event "Open A"]
[Site "Panevezys"]
[Date "2009.08.20"]
[Round "5.20"]
[White "Vaicekauskas, Gytis"]
[Black "Stremavicius, Titas"]
[Result "1-0"]
[WhiteElo "1878"]
[BlackElo "1791"]
[PlyCount "103"]
[EventDate "2009.08.??"]

1. e4 c5 2. Nf3 Nc6 3. c3 d5 4. exd5 Qxd5 5. d4 e5 6. dxe5 Qxd1+ 7. Kxd1 Bg4 8.
Bb5 O-O-O+ 9. Ke2 Nxe5 10. h3 Bh5 11. g4 Nxf3 12. Kxf3 Bg6 13. Bf4 Bd6 14. Rd1
Bxf4 15. Rxd8+ Kxd8 16. Kxf4 a6 17. Bc4 Nf6 18. Nd2 Re8 19. f3 b5 20. Bf1 Nd5+
21. Kg3 Ne3 22. Nb3 Kc7 23. Nxc5 Kb6 24. Nb3 h5 25. Kf2 hxg4 26. hxg4 Nc4 27.
Bxc4 bxc4 28. Nd4 Kc5 29. Re1 Rb8 30. b4+ Kd5 31. Re7 Kd6 32. Ra7 Rb6 33. a4
Ke5 34. Rc7 Kd5 35. Rc5+ Kd6 36. Rxc4 Bd3 37. Rc5 g6 38. Ke3 Bf1 39. f4 Bh3 40.
a5 Rb8 41. Rc6+ Kd7 42. Rxa6 Bxg4 43. Ra7+ Ke8 44. b5 Bd7 45. b6 Bc8 46. Nc6
Rb7 47. Rxb7 Bxb7 48. Nb4 Kd7 49. a6 Bxa6 50. Nxa6 Kc6 51. Nb8+ Kxb6 52. Nd7+
1-0

[Event "Open A"]
[Site "Panevezys"]
[Date "2009.08.20"]
[Round "5.21"]
[White "Zebelis, Rimantas"]
[Black "Juciute, Einora"]
[Result "0-1"]
[WhiteElo "1982"]
[BlackElo "1822"]
[PlyCount "62"]
[EventDate "2009.08.??"]

1. d4 Nf6 2. c4 c5 3. Nf3 cxd4 4. Nxd4 Nc6 5. Nc3 a6 6. e4 e5 7. Nb3 Bb4 8. Bg5
h6 9. Be3 Nxe4 10. Rc1 d6 11. Bd3 Bxc3+ 12. bxc3 Ng5 13. O-O O-O 14. h4 Ne6 15.
Qg4 Nf4 16. Qg3 Nxd3 17. Bxh6 Qf6 18. Bxg7 Qxg7 19. Qxd3 Be6 20. f4 exf4 21.
Rxf4 Ne5 22. Qf1 Qg3 23. Rd1 Ng4 24. Rxg4+ Qxg4 25. Rd4 Qf5 26. Rf4 Qe5 27. Qf3
Qe1+ 28. Kh2 Rfe8 29. Nd4 Bxc4 30. Nf5 Qe5 31. g3 Qe2+ 0-1

[Event "Open A"]
[Site "Panevezys"]
[Date "2009.08.20"]
[Round "6.1"]
[White "Kantans, Toms"]
[Black "Grabliauskas, Virginijus"]
[Result "1/2-1/2"]
[WhiteElo "2209"]
[BlackElo "2409"]
[PlyCount "30"]
[EventDate "2009.08.??"]

1. Nf3 Nf6 2. c4 e6 3. g3 b6 4. Bg2 Bb7 5. O-O c5 6. Nc3 a6 7. d4 cxd4 8. Qxd4
Nc6 9. Qd1 Rc8 10. b3 Nb8 11. Bb2 Qc7 12. Rc1 d6 13. Re1 Be7 14. e4 O-O 15. Nd4
Rfe8 1/2-1/2

[Event "Open A"]
[Site "Panevezys"]
[Date "2009.08.20"]
[Round "6.2"]
[White "Daulyte, Deimante"]
[Black "Narmontas, Raimondas"]
[Result "1-0"]
[WhiteElo "2268"]
[BlackElo "2158"]
[PlyCount "61"]
[EventDate "2009.08.??"]

1. e4 c6 2. d4 g6 3. g3 d5 4. e5 Bg7 5. Bg2 h5 6. Nf3 Nh6 7. Nbd2 Nf5 8. c3 Na6
9. Nf1 h4 10. Ne3 hxg3 11. fxg3 Qb6 12. Qe2 Bd7 13. Nxf5 Bxf5 14. Ng5 Nc7 15.
Be3 Qb5 16. Qxb5 Nxb5 17. O-O f6 18. a4 Nc7 19. exf6 exf6 20. Nf3 Be4 21. Rae1
O-O-O 22. Nh4 Bc2 23. Rf2 Bxa4 24. Nxg6 Rhe8 25. Bd2 Rxe1+ 26. Bxe1 Re8 27. Bd2
Bc2 28. Nf4 f5 29. Nh5 Ne6 30. Nxg7 Nxg7 31. Bh6 1-0